Workarounds that work : (Record no. 58951)
[ view plain ]
| 000 -LEADER | |
|---|---|
| fixed length control field | 01633nam a22003257a 4500 |
| 005 - DATE AND TIME OF LATEST TRANSACTION | |
| control field | 20130926173613.0 |
| 010 ## - LCCN (DPL NO) | |
| LC control number | ENG-104282 |
| 020 ## - INTERNATIONAL STANDARD BOOK NUMBER | |
| International Standard Book Number | 9780071332545 |
| Terms of availability | 475.00 |
| 020 ## - INTERNATIONAL STANDARD BOOK NUMBER | |
| International Standard Book Number | 0071332545 |
| Terms of availability | 475.00 |
| 035 ## - SYSTEM CONTROL NUMBER | |
| System control number | EN -87815 |
| 035 ## - SYSTEM CONTROL NUMBER | |
| System control number | B-492123-126 |
| 037 ## - SOURCE OF ACQUISITION | |
| Source of stock number/acquisition | DBAD/PUB |
| 037 ## - SOURCE OF ACQUISITION | |
| Source of stock number/acquisition | Virtouos Pub/Ven |
| 082 ## - DEWEY DECIMAL CLASSIFICATION NUMBER | |
| Classification number | 650.1 |
| 100 ## - MAIN ENTRY--PERSONAL NAME | |
| Personal name | Bishop, Russell |
| 245 ## - TITLE STATEMENT | |
| Title | Workarounds that work : |
| Statement of responsibility, etc | Russell Bishop. |
| Remainder of title | how to conquer anything that stands in your way at work / |
| 260 ## - PUBLICATION, DISTRIBUTION, ETC. (IMPRINT) | |
| Place of publication, distribution, etc | New Delhi |
| Name of publisher, distributor, etc | Tata McGraw Hill |
| Date of publication, distribution, etc | 2011 |
| 270 ## - ADDRESS | |
| Address | 7 West Patel Nagar |
| City | New Delhi |
| Postal code | 110008 |
| 300 ## - PHYSICAL DESCRIPTION | |
| Extent | xii,244p. |
| Dimensions | 24cm(pbk) |
| 500 ## - GENERAL NOTE | |
| General note | Includes index |
| 505 ## - FORMATTED CONTENTS NOTE | |
| Formatted contents note | It all starts with you -- Getting the right things done -- Misaligned leadership and unclear direction -- How you frame the problem is the problem -- Communication and action -- Accountability and response-ability -- Breakdowns between silos -- When cultures clash -- Stop deciding and start choosing -- Moving beyond consensus -- Are you a corporate fire fighter? -- When the best and brightest are wrong -- Making the most of meetings -- The email avalanche -- When the process gets in the way -- Overcoming criticism, complaints, and resistance -- Multi-tasking our way to oblivion. |
| 610 ## - SUBJECT ADDED ENTRY--CORPORATE NAME | |
| Corporate name or jurisdiction name as entry element | Vanguard Group of Investment Companies. |
| 650 ## - SUBJECT ADDED ENTRY--TOPICAL TERM | |
| Topical term or geographic name as entry element | Organizational effectiveness. |
| 650 ## - SUBJECT ADDED ENTRY--TOPICAL TERM | |
| Topical term or geographic name as entry element | Performance. |
| 650 ## - SUBJECT ADDED ENTRY--TOPICAL TERM | |
| Topical term or geographic name as entry element | Problem solving. |
| 650 ## - SUBJECT ADDED ENTRY--TOPICAL TERM | |
| Topical term or geographic name as entry element | Workflow. |
| 650 ## - SUBJECT ADDED ENTRY--TOPICAL TERM | |
| Topical term or geographic name as entry element | Management. |
| 942 ## - ADDED ENTRY ELEMENTS (KOHA) | |
| Source of classification or shelving scheme | Dewey Decimal Classification |
| Item type | English Books |
| Call number suffix | BIS |
| Classification part | 650.1 |
| Withdrawn status | Lost status | Not for loan | Collection code | Home library | Current library | Date acquired | Source of acquisition | Cost, normal purchase price | Full call number | Barcode | Copy number | Cost, replacement price | Koha item type |
|---|---|---|---|---|---|---|---|---|---|---|---|---|---|
| Not For Loan | Non-fiction | D.B.Act.Division | D.B.Act.Division | 05/12/2011 | DBAD/PUB | 475.00 | 650.1 BIS | EN -87815 | 1 | 475.00 | English Books | ||
| Non-fiction | Janak Puri | Janak Puri | 26/09/2013 | Virtuous Pub/IN 1304/17.01.13/130/18.12.12/23.01.13 | 475.00 | 650.1 BIS | B-492124 | 1 | 475.00 | English Books | |||
| Non-fiction | Patel Nagar | Patel Nagar | 26/09/2013 | Virtuous Pub/IN 1304/17.01.13/130/18.12.12/23.01.13 | 475.00 | 650.1 BIS | B-492123 | 1 | 475.00 | English Books | |||
| Written-off vide DLB M. No. 383 dt 16.05.19 | Non-fiction | Shahdara Branch | Shahdara Branch | 26/09/2013 | Virtuous Pub/IN 1304/17.01.13/130/18.12.12/23.01.13 | 475.00 | 650.1 BIS | B-492125 | 1 | 475.00 | English Books | ||
| Non-fiction | Yojana Vihar | Yojana Vihar | 26/09/2013 | Virtuous Pub/IN 1304/17.01.13/130/18.12.12/23.01.13 | 475.00 | 650.1 BIS | B-492126 | 1 | 475.00 | English Books |
